000 00961nam a2200265Ia 4500
005 20220317001542.0
008 161108s2008 s g 000 j s
020 _a9788446028840
100 1 _aMaupassant, Guy de
_d1850-1893
245 1 0 _aBola de sebo, Mademoiselle Fifi y otros cuentos
_cGuy de Maupassant ; traducción y prólogo Roberto Mansberger Amorós
250 _a1a. edición
300 _a221 páginas
_c18 cm
490 _aBásica de bolsillo : clásicos de la literatura francesa
650 1 4 _2LEMB
_aCuentos juveniles franceses
_ySiglo XIX
650 1 4 _2LEMB
_aLiteratura juvenil francesa
_ySiglo XIX
650 1 4 _2LEMB
_aGuerra en la literatura
700 1 _aMansberger Amorós, Roberto
_975657
942 _2loc
_cBKLIT
264 _aMadrid
_bAkal
_c[2008]
336 _atexto
_btxt
_2rdacontent
337 _asin mediación
_bn
_2rdamedia
338 _avolumen
_bnc
_2rdacarrier
040 _aCO-BoRNBP
_bspa
_erda
_cCO-BoRNBP
084 _aC MAU1
999 _c7341
_d7341